000
00179 a2200097 4500
020
_a
30001642
041
_a
spa
100
_a
Deepak Chopra
245
_a
Jamas Moriremos
942
_c
BK
999
_c
8577
_d
8577